Datum a čas kvízu
31
Celkem bodů
Celkový počet nahraných bodů na tomto kvízu bez doplňovacích otázek.
3.
Pořadí na kvízu
Konečné umístění týmu na tomto kvízu.
Zaznamenané odpovědi
| # | Otázka | Odpověď | Body | Výsledky |
|---|---|---|---|---|
| 1. | Pirátská strana minulý týden u... | 0 | ||
| 2. | Ukrajinští umělci vytvořili po... | 0 | ||
| 3. | Ve čtvrtek přišel do kin celov... | 1 | ||
| 4. | Americká firma otevřela první... | 1 | ||
| 5. | Norští sportovci musejí před b... | 1 | ||
| 6. | Toto téma jste si na facebooko... | 1 | ||
| 7. | Přiřaďte k sobě správně české... | 1 | ||
| 5. | Jsou-li splněny všechny ostatn... | 1 | ||
| 5. | Jak se jmenuje druhá největší... | 1 | ||
| 5. | U prvních sedmi párů žeber při... | 0 |